A perfeiçiao e a imperfeiçao (Record no. 50120)

MARC details
000 -LEADER
campo de control de longitud fija 00485nam a2200157 i 4500
001 - NÚMERO DE CONTROL
campo de control 50120
003 - IDENTIFICADOR DE NÚMERO DE CONTROL
campo de control ES-MaACL
005 - FECHA Y HORA DE LA ÚLTIMA TRANSACCIÓN
campo de control 20250803063049.0
007 - CAMPO FIJO DE DESCRIPCIÓN FÍSICA--INFORMACIÓN GENERAL
campo de control de longitud fija t|
008 - DATOS DE LONGITUD FIJA--INFORMACIÓN GENERAL
campo de control de longitud fija 030730s1918 po ||||1| por d
100 1# - ENTRADA PRINCIPAL--NOMBRE DE PERSONA
Nombre de persona Croce, Benedetto,
Fechas asociadas al nombre 1866-1952
9 (RLIN) 241508
245 12 - MENCIÓN DEL TÍTULO
Título A perfeiçiao e a imperfeiçao
Resto del título : nota de estética /
Mención de responsabilidad, etc. por Benedetto Croce.
260 ## - PUBLICACIÓN, DISTRIBUCIÓN, ETC.
Lugar de publicación, distribución, etc. Coimbra :
Nombre del editor, distribuidor, etc. [s.n.],
Fecha de publicación, distribución, etc. 1918 (
Fabricante Imprensa da Universidade)
852 ## - LOCALIZACIÓN
Ubicación ES-MaACL
Número de control de estantería 1524-F-7
Holdings
Estatus retirado Estado de pérdida Estado de daño No para préstamo Colección Biblioteca de origen Biblioteca actual Ubicación en estantería Fecha de adquisición Fuente de adquisición Total de préstamos Signatura topográfica completa Código de barras Visto por última vez Precio de reemplazo Tipo de ítem Koha
        Colección de folletos Biblioteca del Ateneo de Madrid Biblioteca del Ateneo de Madrid Depósito folletos 17/01/2008     1524-F-7 1052724 23/02/2023 23/02/2023 Folleto